Revitalizácia kameňolomu v Devíne

Enregistré dans:
Détails bibliographiques
Auteur principal: Babejová, Anna (Auteur)
Autres auteurs: Majorošová, Martina (Directeur de thèse)
Format: Manuscrit Livre
Langue:slovaque
Publié: 2021
Sujets:
Accès en ligne:http://is.stuba.sk/zp/portal_zp.pl?podrobnosti=159256
https://opac.crzp.sk/?fn=detailBiblioForm&sid=7E417B54B864B7C45320F94635AB
Tags: Ajouter un tag
Pas de tags, Soyez le premier à ajouter un tag!

MARC

LEADER 00000ntm a22000003a 4500
001 stuzp84025
003 SK-STU
005 20230510140245.6
007 ta
008 150427s2015----xo-----f-mn---000-0-slo-d
040 |a STU  |b slo 
041 0 |a slo 
100 1 |a Babejová, Anna  |u 010160  |4 aut  |U SvF Stavebná fakulta  |T SvF Katedra vodného hospodárstva krajiny  |X 105664  |U V160  |Y 16  |7 105664 
242 0 1 |a Revitalization of the quarry in Devín  |y eng 
245 1 0 |a Revitalizácia kameňolomu v Devíne 
260 |c 2021 
650 4 |a rekreácia  |2 slo 
650 4 |a Devín  |2 slo 
650 4 |a revitalizácia  |2 slo 
650 4 |a brownfield  |2 slo 
650 4 |a kameňolom  |2 slo 
650 4 |a revitalization  |2 eng 
650 4 |a brownfield  |2 eng 
650 4 |a quarry  |2 eng 
650 4 |a Devín  |2 eng 
650 4 |a recreational  |2 eng 
700 1 |a Majorošová, Martina  |u 010160  |k Z1  |4 ths  |U SvF Stavebná fakulta  |T SvF Katedra vodného hospodárstva krajiny  |X 68887  |U V160  |Y 16  |7 A000068887 
856 4 |u http://is.stuba.sk/zp/portal_zp.pl?podrobnosti=159256 
856 4 |u https://opac.crzp.sk/?fn=detailBiblioForm&sid=7E417B54B864B7C45320F94635AB